[Event "Landesliga Sued 0506"]
[Site "Bayern"]
[Date "2006.04.02"]
[Round "9.4"]
[White "Christensen, Niels"]
[Black "Kaiser, Matthias"]
[Result "1-0"]
[WhiteElo "2172"]
[BlackElo "2136"]
[PlyCount "91"]
[EventDate "2005.10.23"]
[EventType "team-tourn"]
[EventRounds "9"]
[EventCountry "GER"]
[SourceTitle "EXT 2007"]
[Source "ChessBase"]
[SourceDate "2006.11.23"]
[SourceVersion "1"]
[SourceVersionDate "2006.11.23"]
[SourceQuality "1"]
[WhiteTeam "Bayern Muenchen II"]
[BlackTeam "Garching"]
[WhiteTeamCountry "GER"]
[BlackTeamCountry "GER"]

1. d4 Nf6 2. c4 e6 3. Nc3 Bb4 4. Qc2 0-0 5. e4 d5 6. e5 Nfd7 7. Bd3 h6 8. cxd5 exd5 9. Nf3 c5 10. 0-0 Nc6 11. Nxd5 Ndxe5 12. dxe5 Qxd5 13. Be4 Nd4 14. Nxd4 Qxd4 15. Bf4 Bf5 16. Bxf5 Qxf4 17. e6 fxe6 18. Bxe6+ Kh8 19. a3 Ba5 20. Rad1 Bc7 21. g3 Qf6 22. Ba2 Rad8 23. Bb1 g6 24. Qxg6 Qxg6 25. Bxg6 Be5 26. b3 Bd4 27. Kg2 Rf6 28. Be4 Re6 29. Rfe1 Rde8 30. f3 b5 31. Kf1 a5 32. Bc6 Rxe1+ 33. Rxe1 Rxe1+ 34. Kxe1 a4 35. Bxb5 axb3 36. Kd2 Bg1 37. h3 Bh2 38. g4 Kg7 39. Kc3 Bc7 40. Kxb3 Kf6 41. Kc4 Ke5 42. Bc6 Bb6 43. a4 Kf4 44. Kb5 Ba7 45. h4 Ke5 46. Be4 1-0